1001 ideas to create retail excitement

Bibliographic Details
Main Author: Falk, Edgar A.
Format: Book
Published: United States : Prentice Hall Press , 1994
Subjects:

MARC

LEADER 00000cam a2200000 7i4500
001 0000024815
005 20090120.0
008 090120
020 |a 0735203431 
090 0 0 |a 658.82   |b FAL 
100 1 |a Falk, Edgar A. 
245 1 0 |a 1001 ideas to create retail excitement   |c Edgar A. Falk 
260 |a United States :   |b Prentice Hall Press ,   |c 1994 
650 0 |a Marketing 
650 0 |a Retail trade 
650 0 |a Sales promotion 
999 |a 0001039187   |b Book   |c Adult Collection   |e Perbadanan Perpustakaan Awam Johor